000
00447nam a2200157Ia 4500
008
090124s9999 xx 000 0 und d
082
_b
26647
_a
2651
100
_a
कांबळे अविनाश
245
_a
कॉकटेल
250
_a
0
600
_a
कांबळे अविनाश
630
_a
कॉकटेल
700
_a
कांबळे अविनाश
730
_a
कॉकटेल
942
_c
BOOK
999
_c
140119
_d
140119